| 000 | 00362nam a22001457a 4500 | ||
|---|---|---|---|
| 020 | _a81-8128-278-7 | ||
| 082 |
_a510 _bJON/E |
||
| 100 | _aJONES, GARENTH, JONES, MARY | ||
| 245 | _aELEMENTARY NUMBER THEORY | ||
| 250 | _aSECOND EDITION | ||
| 260 |
_aDELHI _bSPRINGER (INDIA) PRIVATE LTD _c2006 |
||
| 300 | _a301 | ||
| 650 |
_aMATHS REFERENCE _zINDIA |
||
| 942 | _cBK | ||
| 999 |
_c1211 _d1211 |
||